<?xml version="1.0" encoding="UTF-8"?>
<record
    xmlns:xsi="http://www.w3.org/2001/XMLSchema-instance"
    xsi:schemaLocation="http://www.loc.gov/MARC21/slim http://www.loc.gov/standards/marcxml/schema/MARC21slim.xsd"
    xmlns="http://www.loc.gov/MARC21/slim">

  <leader>00376nam a22001337a 4500</leader>
  <datafield tag="999" ind1=" " ind2=" ">
    <subfield code="c">7974</subfield>
    <subfield code="d">7975</subfield>
  </datafield>
  <controlfield tag="008">190523b           ||||| |||| 00| 0 eng d</controlfield>
  <datafield tag="082" ind1=" " ind2=" ">
    <subfield code="a">Periodicals Serials</subfield>
  </datafield>
  <datafield tag="100" ind1=" " ind2=" ">
    <subfield code="a">World Wide fund for nature</subfield>
  </datafield>
  <datafield tag="245" ind1=" " ind2=" ">
    <subfield code="a">Living Planet, Report 2016 ;</subfield>
    <subfield code="b">Summary.</subfield>
  </datafield>
  <datafield tag="260" ind1=" " ind2=" ">
    <subfield code="a">Switzerland ;</subfield>
    <subfield code="b">World Wide fund for nature,</subfield>
    <subfield code="c">2016.</subfield>
  </datafield>
  <datafield tag="300" ind1=" " ind2=" ">
    <subfield code="a">34 p.</subfield>
    <subfield code="c">23 cm.</subfield>
  </datafield>
  <datafield tag="650" ind1=" " ind2=" ">
    <subfield code="a">WWF</subfield>
  </datafield>
  <datafield tag="942" ind1=" " ind2=" ">
    <subfield code="2">ddc</subfield>
  </datafield>
  <datafield tag="952" ind1=" " ind2=" ">
    <subfield code="0">0</subfield>
    <subfield code="1">0</subfield>
    <subfield code="2">ddc</subfield>
    <subfield code="4">0</subfield>
    <subfield code="7">0</subfield>
    <subfield code="8">STORAGE</subfield>
    <subfield code="a">RTCLIB</subfield>
    <subfield code="b">RTCLIB</subfield>
    <subfield code="c">STORAGE</subfield>
    <subfield code="d">2019-05-23</subfield>
    <subfield code="h">13832</subfield>
    <subfield code="o">Periodicals Serials</subfield>
    <subfield code="p">30005894</subfield>
    <subfield code="r">2019-05-23 00:00:00</subfield>
    <subfield code="t">1</subfield>
    <subfield code="w">2019-05-23</subfield>
    <subfield code="y">STORAGE</subfield>
  </datafield>
  <datafield tag="952" ind1=" " ind2=" ">
    <subfield code="0">0</subfield>
    <subfield code="1">0</subfield>
    <subfield code="2">ddc</subfield>
    <subfield code="4">0</subfield>
    <subfield code="7">0</subfield>
    <subfield code="8">PERIODICALS</subfield>
    <subfield code="a">RTCLIB</subfield>
    <subfield code="b">RTCLIB</subfield>
    <subfield code="c">PERIODICALS</subfield>
    <subfield code="d">2019-05-23</subfield>
    <subfield code="h">13831</subfield>
    <subfield code="l">0</subfield>
    <subfield code="o">Periodicals Serials</subfield>
    <subfield code="p">30004838</subfield>
    <subfield code="r">2019-05-23 00:00:00</subfield>
    <subfield code="t">2</subfield>
    <subfield code="w">2019-05-23</subfield>
    <subfield code="y">PERIODICAL</subfield>
  </datafield>
  <datafield tag="952" ind1=" " ind2=" ">
    <subfield code="0">0</subfield>
    <subfield code="1">0</subfield>
    <subfield code="2">ddc</subfield>
    <subfield code="4">0</subfield>
    <subfield code="7">0</subfield>
    <subfield code="8">PERIODICALS</subfield>
    <subfield code="a">RTCLIB</subfield>
    <subfield code="b">RTCLIB</subfield>
    <subfield code="c">PERIODICALS</subfield>
    <subfield code="d">2019-05-23</subfield>
    <subfield code="h">13830</subfield>
    <subfield code="l">0</subfield>
    <subfield code="o">Periodicals Serials</subfield>
    <subfield code="p">30010915</subfield>
    <subfield code="r">2019-05-23 00:00:00</subfield>
    <subfield code="t">3</subfield>
    <subfield code="w">2019-05-23</subfield>
    <subfield code="y">PERIODICAL</subfield>
  </datafield>
  <datafield tag="952" ind1=" " ind2=" ">
    <subfield code="0">0</subfield>
    <subfield code="1">0</subfield>
    <subfield code="2">ddc</subfield>
    <subfield code="4">0</subfield>
    <subfield code="7">0</subfield>
    <subfield code="8">PERIODICALS</subfield>
    <subfield code="a">RTCLIB</subfield>
    <subfield code="b">RTCLIB</subfield>
    <subfield code="c">PERIODICALS</subfield>
    <subfield code="d">2019-05-23</subfield>
    <subfield code="h">13829</subfield>
    <subfield code="l">0</subfield>
    <subfield code="o">Periodicals Serials</subfield>
    <subfield code="p">30005772</subfield>
    <subfield code="r">2019-05-23 00:00:00</subfield>
    <subfield code="t">4</subfield>
    <subfield code="w">2019-05-23</subfield>
    <subfield code="y">PERIODICAL</subfield>
  </datafield>
  <datafield tag="952" ind1=" " ind2=" ">
    <subfield code="0">0</subfield>
    <subfield code="1">0</subfield>
    <subfield code="2">ddc</subfield>
    <subfield code="4">0</subfield>
    <subfield code="7">0</subfield>
    <subfield code="8">PERIODICALS</subfield>
    <subfield code="a">RTCLIB</subfield>
    <subfield code="b">RTCLIB</subfield>
    <subfield code="c">PERIODICALS</subfield>
    <subfield code="d">2019-05-23</subfield>
    <subfield code="h">13828</subfield>
    <subfield code="l">0</subfield>
    <subfield code="o">Periodicals Serials</subfield>
    <subfield code="p">30004828</subfield>
    <subfield code="r">2019-05-23 00:00:00</subfield>
    <subfield code="t">5</subfield>
    <subfield code="w">2019-05-23</subfield>
    <subfield code="y">PERIODICAL</subfield>
  </datafield>
</record>
